[Event "Warsaw YMCA Winter-B 164th"]
[Site "Warsaw"]
[Date "2016.02.04"]
[Round "5"]
[White "Grabowicz, Marcin"]
[Black "Liberadzki, Slawomir"]
[Result "1/2-1/2"]
[WhiteElo "1923"]
[BlackElo "2024"]
[PlyCount "27"]
[EventDate "2016.01.07"]
[EventType "tourn"]
[EventRounds "13"]
[EventCountry "POL"]
[SourceTitle "EXT 2019"]
[Source "ChessBase"]
[SourceDate "2018.10.10"]
[SourceVersion "1"]
[SourceVersionDate "2018.10.10"]
[SourceQuality "1"]

1. e4 c5 2. d4 cxd4 3. c3 g6 4. Nf3 Bg7 5. Bc4 e6 6. 0-0 Ne7 7. Nxd4 0-0 8. Bg5 a6 9. Qe2 h6 10. Bh4 g5 11. Bg3 d5 12. exd5 Nxd5 13. Be5 Bxe5 14. Qxe5 1/2-1/2

[Event "Warsaw YMCA Winter-B 164th"]
[Site "Warsaw"]
[Date "2016.01.22"]
[Round "1"]
[White "Barc, Michal"]
[Black "Grabowicz, Marcin"]
[Result "1-0"]
[WhiteElo "1770"]
[BlackElo "1923"]
[PlyCount "93"]
[EventDate "2016.01.07"]
[EventType "tourn"]
[EventRounds "13"]
[EventCountry "POL"]
[SourceTitle "EXT 2019"]
[Source "ChessBase"]
[SourceDate "2018.10.10"]
[SourceVersion "1"]
[SourceVersionDate "2018.10.10"]
[SourceQuality "1"]

1. d4 g6 2. c4 Bg7 3. e4 d6 4. Nc3 Nf6 5. Nf3 0-0 6. Be2 Nc6 7. h3 e5 8. d5 Ne7 9. g4 c6 10. Be3 Bd7 11. Qd2 b5 12. g5 b4 13. gxf6 bxc3 14. Qxc3 Bxf6 15. Qa3 Nc8 16. h4 cxd5 17. cxd5 h5 18. Ng5 Be8 19. 0-0-0 Nb6 20. Kb1 Na4 21. Rc1 Rb8 22. Rc2 Qa5 23. Ka1 Qb4 24. Qxb4 Rxb4 25. b3 Bxg5 26. Bxg5 Nc5 27. Be7 Rb6 28. Rxc5 dxc5 29. Bxc5 Bd7 30. Bxf8 Kxf8 31. Rc1 Rb4 32. Rc4 a5 33. Rxb4 axb4 34. Kb2 Ke7 35. a3 bxa3+ 36. Kxa3 Kd6 37. Kb4 Bh3 38. Bf3 f5 39. Ka5 fxe4 40. Bxe4 Bf5 41. f3 Bxe4 42. fxe4 Ke7 43. Kb6 g5 44. Kc7 gxh4 45. d6+ Ke6 46. d7 h3 47. d8Q 1-0

[Event "Warsaw YMCA Autumn-A 161st"]
[Site "Warsaw"]
[Date "2015.11.18"]
[Round "9"]
[White "Grabowicz, Marcin"]
[Black "Choroszej, Aleksander"]
[Result "1/2-1/2"]
[WhiteElo "1924"]
[BlackElo "1949"]
[PlyCount "39"]
[EventDate "2015.09.25"]
[EventType "tourn"]
[EventRounds "13"]
[EventCountry "POL"]
[SourceTitle "EXT 2019"]
[Source "ChessBase"]
[SourceDate "2018.10.10"]
[SourceVersion "1"]
[SourceVersionDate "2018.10.10"]
[SourceQuality "1"]

1. e4 g6 2. d4 Bg7 3. c4 d6 4. Nc3 Nf6 5. f3 0-0 6. Be3 c5 7. dxc5 dxc5 8. Qxd8 Rxd8 9. Bxc5 Nc6 10. Rd1 Rxd1+ 11. Kxd1 Nd7 12. Ba3 Bxc3 13. bxc3 Nde5 14. Nh3 Be6 15. Nf4 Bxc4 16. Bxc4 Nxc4 17. Bc1 b5 18. Nd5 a5 19. Kc2 e6 20. Ne3 1/2-1/2

[Event "Warsaw YMCA Autumn-A 161st"]
[Site "Warsaw"]
[Date "2015.10.07"]
[Round "3"]
[White "Grabowicz, Marcin"]
[Black "Kosny, Marek"]
[Result "1-0"]
[WhiteElo "1924"]
[BlackElo "1912"]
[PlyCount "39"]
[EventDate "2015.09.25"]
[EventType "tourn"]
[EventRounds "13"]
[EventCountry "POL"]
[SourceTitle "EXT 2019"]
[Source "ChessBase"]
[SourceDate "2018.10.10"]
[SourceVersion "1"]
[SourceVersionDate "2018.10.10"]
[SourceQuality "1"]

1. e4 Nf6 2. Nc3 d5 3. exd5 Nxd5 4. d4 c5 5. Nf3 cxd4 6. Qxd4 Nxc3 7. Qxc3 Nc6 8. Bb5 Bd7 9. 0-0 Rc8 10. Rd1 f6 11. Be3 Qc7 12. Rd2 e5 13. Rad1 Be6 14. Bxa7 Be7 15. Bc5 Kf7 16. Bc4 Nd4 17. Nxd4 Bxc4 18. Qxc4+ Ke8 19. Qb5+ Kf7 20. Bxe7 1-0

[Event "Warsaw YMCA Autumn-A 161st"]
[Site "Warsaw"]
[Date "2015.10.02"]
[Round "2"]
[White "Praczukowski, Stanislaw"]
[Black "Grabowicz, Marcin"]
[Result "1-0"]
[WhiteElo "2028"]
[BlackElo "1924"]
[PlyCount "109"]
[EventDate "2015.09.25"]
[EventType "tourn"]
[EventRounds "13"]
[EventCountry "POL"]
[SourceTitle "EXT 2019"]
[Source "ChessBase"]
[SourceDate "2018.10.10"]
[SourceVersion "1"]
[SourceVersionDate "2018.10.10"]
[SourceQuality "1"]

1. e4 c5 2. Nf3 Nc6 3. d4 cxd4 4. Nxd4 e6 5. Nc3 Nf6 6. Ndb5 d6 7. Bf4 e5 8. Bg5 a6 9. Na3 b5 10. Nd5 Be7 11. Bxf6 gxf6 12. Bd3 Be6 13. c3 h5 14. Nc2 f5 15. Nxe7 Nxe7 16. exf5 Nxf5 17. Bxf5 Bxf5 18. Ne3 Be4 19. a4 Rc8 20. axb5 axb5 21. 0-0 Bg6 22. Ra6 0-0 23. Rxd6 Qg5 24. Qd5 Rcd8 25. Rd1 Rxd6 26. Qxd6 Be4 27. Qb4 Bf3 28. h4 Qg6 29. Rd6 f6 30. Qxb5 Ba8 31. Qd3 Be4 32. Qc4+ Kh8 33. Qc7 Bxg2 34. Rd8 Bf3+ 35. Kh2 Rg8 36. Rxg8+ Kxg8 37. Qc8+ Kf7 38. Qd7+ Kf8 39. Qd8+ Kf7 40. Qd7+ Kf8 41. Qf5 Qxf5 42. Nxf5 Bg4 43. Ne3 Be6 44. Kg3 f5 45. f4 e4 46. Kf2 Ke7 47. Nf1 Bf7 48. Ke3 Kd6 49. Kd4 Bg6 50. c4 Bh7 51. b4 Bg6 52. b5 Be8 53. Ne3 Ke6 54. Kc5 Bd7 55. b6 1-0

[Event "Warsaw YMCA Spring 154th"]
[Site "Warsaw"]
[Date "2015.05.06"]
[Round "5"]
[White "Pajak, Jakub Lech"]
[Black "Grabowicz, Marcin"]
[Result "1/2-1/2"]
[WhiteElo "1761"]
[BlackElo "1900"]
[PlyCount "49"]
[EventDate "2015.04.10"]
[EventType "tourn"]
[EventRounds "13"]
[EventCountry "POL"]
[SourceTitle "EXT 2017"]
[Source "ChessBase"]
[SourceDate "2016.10.25"]
[SourceVersion "1"]
[SourceVersionDate "2016.10.25"]
[SourceQuality "1"]

1. e4 c5 2. Nf3 Nc6 3. Bb5 g6 4. 0-0 Bg7 5. c3 Nf6 6. Re1 0-0 7. d4 d5 8. e5 Ne4 9. Nbd2 cxd4 10. Nxe4 dxe4 11. Nxd4 Nxe5 12. Rxe4 a6 13. Be2 Qd5 14. Re3 Rd8 15. Qb3 Qc5 16. Re4 b5 17. Be3 Bb7 18. Ne6 Qd6 19. Nxd8 Bxe4 20. Rd1 Qc7 21. f3 Rxd8 22. Rxd8+ Qxd8 23. fxe4 e6 24. Qc2 h5 25. a4 1/2-1/2

[Event "Warsaw YMCA Spring 154th"]
[Site "Warsaw"]
[Date "2015.04.24"]
[Round "1"]
[White "Choroszej, Aleksander"]
[Black "Grabowicz, Marcin"]
[Result "1/2-1/2"]
[WhiteElo "2024"]
[BlackElo "1900"]
[PlyCount "154"]
[EventDate "2015.04.10"]
[EventType "tourn"]
[EventRounds "13"]
[EventCountry "POL"]
[SourceTitle "EXT 2017"]
[Source "ChessBase"]
[SourceDate "2016.10.25"]
[SourceVersion "1"]
[SourceVersionDate "2016.10.25"]
[SourceQuality "1"]

1. d4 Nf6 2. c4 c5 3. d5 b5 4. cxb5 a6 5. b6 Qxb6 6. Nc3 d6 7. e4 g6 8. h3 Bg7 9. Nf3 0-0 10. Be2 a5 11. a4 Na6 12. 0-0 Nb4 13. Nd2 Ba6 14. Bb5 Ne8 15. Nc4 Qd8 16. Bg5 f6 17. Be3 Nc7 18. Bxa6 Ncxa6 19. h4 Nb8 20. h5 gxh5 21. Ne2 Nd7 22. Nf4 Qe8 23. Ne6 Qg6 24. Nxf8 Nxf8 25. Qf3 Qg4 26. Qxg4 hxg4 27. Rfd1 Nd7 28. Bd2 Kf7 29. Kh2 Kg6 30. Bc3 h5 31. Kg3 Bh6 32. f3 Ne5 33. Nxe5+ fxe5 34. fxg4 Bf4+ 35. Kf3 hxg4+ 36. Kxg4 Nc2 37. Rh1 Nxa1 38. Rxa1 Be3 39. Ra3 Bd4 40. Rb3 Kf6 41. Rb6 Bxc3 42. bxc3 Rg8+ 43. Kf3 Ra8 44. g4 Rh8 45. Kg3 Rh1 46. Ra6 Rc1 47. Rxa5 Rxc3+ 48. Kf2 Kg5 49. Ra7 Kxg4 50. Rxe7 Kf4 51. Re6 Kxe4 52. Rxd6 Rc2+ 53. Ke1 Ra2 54. Rd8 Rxa4 55. d6 Rd4 56. d7 c4 57. Rc8 Rxd7 58. Rxc4+ Ke3 59. Ra4 e4 60. Rb4 Rd3 61. Rb1 Ra3 62. Rc1 Ra2 63. Rc3+ Kf4 64. Rb3 Rh2 65. Kf1 Ra2 66. Ke1 Ra1+ 67. Ke2 Rh1 68. Ra3 Rh2+ 69. Ke1 Rh5 70. Rb3 Rf5 71. Ra3 Rb5 72. Ke2 Rb4 73. Ke1 e3 74. Ra8 Kf3 75. Rf8+ Rf4 76. Re8 Ra4 77. Rf8+ Rf4 1/2-1/2

[Event "Warsaw YMCA Winter 150th"]
[Site "Warsaw"]
[Date "2015.02.13"]
[Round "6"]
[White "Barc, Michal"]
[Black "Grabowicz, Marcin"]
[Result "1/2-1/2"]
[WhiteElo "1849"]
[BlackElo "1899"]
[PlyCount "30"]
[EventDate "2015.01.08"]
[EventType "tourn"]
[EventRounds "13"]
[EventCountry "POL"]
[SourceTitle "EXT 2019"]
[Source "ChessBase"]
[SourceDate "2018.10.10"]
[SourceVersion "1"]
[SourceVersionDate "2018.10.10"]
[SourceQuality "1"]

1. d4 Nf6 2. Nf3 c5 3. d5 d6 4. c4 b5 5. cxb5 a6 6. b6 g6 7. Nc3 Qxb6 8. e4 Bg7 9. Be2 0-0 10. 0-0 Nbd7 11. h3 Rb8 12. Qc2 Ne8 13. Rb1 Nc7 14. Be3 Qa5 15. Bd2 Qb6 1/2-1/2

[Event "Warsaw YMCA Winter 150th"]
[Site "Warsaw"]
[Date "2015.01.22"]
[Round "3"]
[White "Grabowicz, Marcin"]
[Black "Pacan Milej, Kosma"]
[Result "1/2-1/2"]
[WhiteElo "1899"]
[BlackElo "1840"]
[PlyCount "37"]
[EventDate "2015.01.08"]
[EventType "tourn"]
[EventRounds "13"]
[EventCountry "POL"]
[SourceTitle "EXT 2019"]
[Source "ChessBase"]
[SourceDate "2018.10.10"]
[SourceVersion "1"]
[SourceVersionDate "2018.10.10"]
[SourceQuality "1"]

1. e4 e6 2. d4 d5 3. Nc3 Bb4 4. e5 c5 5. a3 Bxc3+ 6. bxc3 Ne7 7. a4 Qa5 8. Bd2 Nbc6 9. Nf3 c4 10. Be2 Bd7 11. 0-0 f6 12. Re1 0-0-0 13. Bf1 Ng6 14. g3 Rdf8 15. Bh3 Nd8 16. Qb1 h5 17. Qb4 Qxb4 18. cxb4 h4 19. Bg2 1/2-1/2

[Event "Warsaw YMCA Winter 150th"]
[Site "Warsaw"]
[Date "2015.01.15"]
[Round "2"]
[White "Safanowski, Tomasz"]
[Black "Grabowicz, Marcin"]
[Result "0-1"]
[WhiteElo "1870"]
[BlackElo "1899"]
[PlyCount "56"]
[EventDate "2015.01.08"]
[EventType "tourn"]
[EventRounds "13"]
[EventCountry "POL"]
[SourceTitle "EXT 2019"]
[Source "ChessBase"]
[SourceDate "2018.10.10"]
[SourceVersion "1"]
[SourceVersionDate "2018.10.10"]
[SourceQuality "1"]

1. d4 Nf6 2. e3 d5 3. Bd3 c5 4. b3 cxd4 5. exd4 g6 6. Nf3 Bg7 7. 0-0 0-0 8. Bb2 Nc6 9. Nbd2 Nb4 10. Ne5 Nxd3 11. Nxd3 Bf5 12. Nf3 Rc8 13. Re1 Qc7 14. c3 Ne4 15. Rc1 Bh6 16. Rc2 Qa5 17. c4 dxc4 18. bxc4 Ng5 19. Rxe7 Nxf3+ 20. Qxf3 Qxa2 21. Re1 Rxc4 22. Rxc4 Qxc4 23. Ne5 Qb4 24. Bc3 Qb3 25. g4 Be6 26. Rd1 Bd5 27. Qd3 Be4 28. Rb1 Qxb1+ 0-1

[Event "Mazowiec-chT 1415"]
[Site "Warsaw"]
[Date "2015.01.11"]
[Round "1.12"]
[White "Czapla, Andrzej"]
[Black "Grabowicz, Marcin"]
[Result "1-0"]
[WhiteElo "1891"]
[BlackElo "1889"]
[PlyCount "123"]
[EventDate "2015.01.11"]
[EventType "team-tourn"]
[EventRounds "7"]
[EventCountry "POL"]
[SourceTitle "EXT 2019"]
[Source "ChessBase"]
[SourceDate "2018.10.10"]
[SourceVersion "1"]
[SourceVersionDate "2018.10.10"]
[SourceQuality "1"]

1. Nf3 Nf6 2. c4 g6 3. b4 Bg7 4. Bb2 0-0 5. g3 d6 6. Bg2 e5 7. d3 Nc6 8. b5 Ne7 9. 0-0 a6 10. a4 axb5 11. axb5 Rxa1 12. Bxa1 c6 13. bxc6 Nxc6 14. Nc3 Ne8 15. Qb3 Nc7 16. Rb1 Ne6 17. Nd5 Nc5 18. Qb6 Be6 19. Qxd8 Rxd8 20. Ng5 Ra8 21. Ne4 Bxd5 22. cxd5 Nb4 23. Nxd6 Nc2 24. Bc3 Ra3 25. Nb5 Ra2 26. d6 b6 27. Bd5 Ra4 28. Bc6 Na3 29. Nxa3 Rxa3 30. Bb4 Rb3 31. Rxb3 Nxb3 32. d7 Bf6 33. Bd6 Nc5 34. Bc7 Ne6 35. Bxb6 Nd8 36. Bd5 Kf8 37. f4 exf4 38. gxf4 Ke7 39. Bxd8+ Kxd8 40. Bxf7 Kxd7 41. Kf2 Ke7 42. Bg8 h6 43. Ke3 Kd6 44. Ke4 g5 45. f5 Be5 46. h3 h5 47. d4 Bh2 48. Bf7 h4 49. Bh5 Bf4 50. Kd3 Bg3 51. Bf3 Ke7 52. Kc4 Kd6 53. e4 Bf2 54. e5+ Ke7 55. f6+ Kf7 56. d5 Bb6 57. Kd3 Bd8 58. Ke4 Kg6 59. Bg4 Bc7 60. Bh5+ Kh6 61. e6 Bd6 62. e7 1-0

[Event "Warsaw YMCA Autumn-B 146th"]
[Site "Warsaw"]
[Date "2014.12.03"]
[Round "9"]
[White "Grabowicz, Marcin"]
[Black "Moskwinski, Marek"]
[Result "1/2-1/2"]
[WhiteElo "1889"]
[BlackElo "1822"]
[PlyCount "124"]
[EventDate "2014.09.17"]
[EventType "tourn"]
[EventRounds "13"]
[EventCountry "POL"]
[SourceTitle "EXT 2019"]
[Source "ChessBase"]
[SourceDate "2018.10.10"]
[SourceVersion "1"]
[SourceVersionDate "2018.10.10"]
[SourceQuality "1"]

1. e4 c5 2. Nf3 d6 3. d4 cxd4 4. c3 dxc3 5. Nxc3 g6 6. Bc4 Nc6 7. 0-0 Bg7 8. Qe2 Bg4 9. Bxf7+ Kxf7 10. Ng5+ Ke8 11. Qxg4 Bxc3 12. bxc3 Ne5 13. Qe2 Qc8 14. Qb5+ Qc6 15. Qb3 h6 16. Ne6 Rc8 17. Be3 Qc4 18. Bd4 Qxb3 19. axb3 Kf7 20. Nc5 Rxc5 21. f4 Nc6 22. Bxh8 Nf6 23. Bxf6 Kxf6 24. Rfc1 a5 25. Kf2 b6 26. Kf3 Kf7 27. g4 Kf6 28. h4 Kf7 29. Ke3 Ke6 30. Ra2 Rb5 31. Rb1 Rc5 32. c4 Kf7 33. Rf2 Kg7 34. g5 h5 35. Rd1 Nb8 36. Rd5 Nd7 37. Rxc5 Nxc5 38. Rb2 Na6 39. Kd4 Nb4 40. Rf2 e6 41. e5 d5 42. Kc3 Kf7 43. Rd2 Ke7 44. Rd4 Kd7 45. cxd5 Nxd5+ 46. Kc4 Kc6 47. Rxd5 exd5+ 48. Kd4 b5 49. f5 a4 50. bxa4 bxa4 51. fxg6 a3 52. Kc3 d4+ 53. Kb3 d3 54. g7 d2 55. g8Q d1Q+ 56. Kxa3 Qc1+ 57. Kb3 Qd1+ 58. Kc3 Qe1+ 59. Kd4 Qxh4+ 60. Ke3 Qg3+ 61. Ke4 Qg4+ 62. Ke3 Qg3+ 1/2-1/2

[Event "Warsaw YMCA Autumn-B 146th"]
[Site "Warsaw"]
[Date "2014.11.06"]
[Round "8"]
[White "Praczukowski, Stanislaw"]
[Black "Grabowicz, Marcin"]
[Result "1/2-1/2"]
[WhiteElo "1961"]
[BlackElo "1889"]
[PlyCount "95"]
[EventDate "2014.09.17"]
[EventType "tourn"]
[EventRounds "13"]
[EventCountry "POL"]
[SourceTitle "EXT 2019"]
[Source "ChessBase"]
[SourceDate "2018.10.10"]
[SourceVersion "1"]
[SourceVersionDate "2018.10.10"]
[SourceQuality "1"]

1. e4 e5 2. Nf3 Nc6 3. Bb5 a6 4. Ba4 b5 5. Bb3 Nf6 6. 0-0 Be7 7. Re1 0-0 8. h3 d6 9. c3 Na5 10. Bc2 c5 11. d4 Qc7 12. Nbd2 Bb7 13. d5 b4 14. c4 g6 15. b3 Ne8 16. Nf1 Ng7 17. Bh6 Bc8 18. Ne3 f6 19. Qd2 Bd8 20. a3 Rb8 21. Ra2 f5 22. exf5 gxf5 23. Rea1 f4 24. Qd3 Nf5 25. Nxf5 Bxf5 26. Qd1 Bxc2 27. Qxc2 Rf6 28. Bg5 Rg6 29. Bxd8 Rxd8 30. axb4 Nb7 31. Ne1 Qg7 32. f3 cxb4 33. Rxa6 Nc5 34. Ra8 Qf6 35. Kh1 Rxa8 36. Rxa8+ Kg7 37. Rb8 Qh4 38. Qe2 Nxb3 39. Nc2 Nc1 40. Qf1 Nd3 41. Rb7+ Kh6 42. Qxd3 Qf2 43. g4 b3 44. Rxb3 Kg5 45. Qf5+ Kh4 46. Qe4 Qf1+ 47. Kh2 Qf2+ 48. Kh1 1/2-1/2

[Event "Warsaw YMCA Autumn-B 146th"]
[Site "Warsaw"]
[Date "2014.10.23"]
[Round "6"]
[White "Barc, Michal"]
[Black "Grabowicz, Marcin"]
[Result "1/2-1/2"]
[WhiteElo "1863"]
[BlackElo "1889"]
[PlyCount "27"]
[EventDate "2014.09.17"]
[EventType "tourn"]
[EventRounds "13"]
[EventCountry "POL"]
[SourceTitle "EXT 2019"]
[Source "ChessBase"]
[SourceDate "2018.10.10"]
[SourceVersion "1"]
[SourceVersionDate "2018.10.10"]
[SourceQuality "1"]

1. d4 e6 2. Nf3 d5 3. c4 c6 4. e3 f5 5. Nc3 Nf6 6. Bd3 Bd6 7. 0-0 0-0 8. Qc2 Ne4 9. Ne5 Nd7 10. f3 Nxc3 11. Qxc3 Qh4 12. g3 Qh3 13. Rf2 Rf6 14. Bf1 1/2-1/2

[Event "Warsaw YMCA Autumn-B 146th"]
[Site "Warsaw"]
[Date "2014.10.01"]
[Round "1"]
[White "Grabowicz, Marcin"]
[Black "Tegi, Robert"]
[Result "1/2-1/2"]
[WhiteElo "1889"]
[BlackElo "1796"]
[PlyCount "39"]
[EventDate "2014.09.17"]
[EventType "tourn"]
[EventRounds "13"]
[EventCountry "POL"]
[SourceTitle "EXT 2019"]
[Source "ChessBase"]
[SourceDate "2018.10.10"]
[SourceVersion "1"]
[SourceVersionDate "2018.10.10"]
[SourceQuality "1"]

1. e4 c6 2. d4 d5 3. f3 e6 4. Nc3 Bb4 5. Bf4 Qa5 6. Bd2 Qb6 7. a3 Be7 8. Nge2 Nf6 9. e5 Nfd7 10. Na4 Qc7 11. b4 b6 12. Ng3 Ba6 13. Bxa6 Nxa6 14. Qe2 Qc8 15. 0-0 c5 16. c3 Nc7 17. f4 g6 18. Nh1 h5 19. Nf2 Qa6 20. Qxa6 1/2-1/2

[Event "Warsaw YMCA Autumn-B 146th"]
[Site "Warsaw"]
[Date "2014.09.30"]
[Round "3"]
[White "Grabowicz, Marcin"]
[Black "Rutkowski, Piotr"]
[Result "1/2-1/2"]
[WhiteElo "1889"]
[BlackElo "1991"]
[PlyCount "49"]
[EventDate "2014.09.17"]
[EventType "tourn"]
[EventRounds "13"]
[EventCountry "POL"]
[SourceTitle "EXT 2019"]
[Source "ChessBase"]
[SourceDate "2018.10.10"]
[SourceVersion "1"]
[SourceVersionDate "2018.10.10"]
[SourceQuality "1"]

1. e4 c5 2. Nf3 Nc6 3. d4 cxd4 4. c3 dxc3 5. Nxc3 d6 6. Bc4 a6 7. 0-0 Nf6 8. Qe2 Bg4 9. Rd1 e6 10. Bf4 Qb8 11. Rac1 Be7 12. h3 Bxf3 13. gxf3 0-0 14. Bh2 b5 15. Bb3 Na5 16. Bc2 Nd7 17. f4 Qb6 18. e5 d5 19. f5 b4 20. f6 Nxf6 21. exf6 Bxf6 22. Na4 Qb5 23. Qh5 g6 24. Qf3 Bg5 25. Bf4 1/2-1/2

[Event "Warsaw YMCA Winter-B 135th"]
[Site "Warsaw"]
[Date "2014.01.27"]
[Round "6"]
[White "Grabowicz, Marcin"]
[Black "Melchers, Damian"]
[Result "1/2-1/2"]
[WhiteElo "1872"]
[BlackElo "1952"]
[PlyCount "43"]
[EventDate "2014.01.08"]
[EventType "tourn"]
[EventRounds "13"]
[EventCountry "POL"]
[SourceTitle "EXT 2015"]
[Source "ChessBase"]
[SourceDate "2014.11.20"]
[SourceVersion "1"]
[SourceVersionDate "2014.11.20"]
[SourceQuality "1"]

1. e4 c5 2. Nf3 Nc6 3. d4 cxd4 4. c3 d3 5. Bxd3 d6 6. 0-0 g6 7. Bf4 Bg7 8. Qe2 Nf6 9. h3 0-0 10. Nbd2 Nd7 11. Rad1 Nde5 12. Nxe5 Nxe5 13. Nf3 Nxd3 14. Qxd3 Be6 15. b3 Qa5 16. Nd4 Bd7 17. Bd2 Qc5 18. Be3 Qa5 19. c4 a6 20. a4 Rab8 21. Bd2 Qc5 22. Be3 1/2-1/2

[Event "Warsaw YMCA Autumn-B 130th"]
[Site "Warsaw"]
[Date "2013.11.14"]
[Round "9"]
[White "Barc, Michal"]
[Black "Grabowicz, Marcin"]
[Result "1/2-1/2"]
[WhiteElo "1841"]
[BlackElo "1852"]
[PlyCount "30"]
[EventDate "2013.09.19"]
[EventType "tourn"]
[EventRounds "13"]
[EventCountry "POL"]
[SourceTitle "EXT 2015"]
[Source "ChessBase"]
[SourceDate "2014.11.20"]
[SourceVersion "1"]
[SourceVersionDate "2014.11.20"]
[SourceQuality "1"]

1. d4 Nf6 2. Nf3 g6 3. c4 c5 4. d5 d6 5. Nc3 Bg7 6. e4 b5 7. cxb5 0-0 8. Be2 a6 9. b6 Qxb6 10. 0-0 a5 11. h3 Ba6 12. Rb1 Nbd7 13. Be3 Bxe2 14. Qxe2 Rfb8 15. Nd2 a4 1/2-1/2

[Event "Warsaw YMCA Autumn-B 130th"]
[Site "Warsaw"]
[Date "2013.11.07"]
[Round "8"]
[White "Grabowicz, Marcin"]
[Black "Sawicki, Wojciech"]
[Result "1/2-1/2"]
[WhiteElo "1852"]
[BlackElo "1845"]
[PlyCount "200"]
[EventDate "2013.09.19"]
[EventType "tourn"]
[EventRounds "13"]
[EventCountry "POL"]
[SourceTitle "EXT 2015"]
[Source "ChessBase"]
[SourceDate "2014.11.20"]
[SourceVersion "1"]
[SourceVersionDate "2014.11.20"]
[SourceQuality "1"]

1. e4 e5 2. Nf3 Nc6 3. Bb5 a6 4. Ba4 Nf6 5. 0-0 Be7 6. d3 b5 7. Bb3 0-0 8. c3 d5 9. Bg5 dxe4 10. Bxf6 Bxf6 11. dxe4 Na5 12. Nbd2 Nxb3 13. Nxb3 Be6 14. Qc2 Qe7 15. Rfd1 Rfd8 16. a3 c5 17. Rxd8+ Rxd8 18. Rd1 c4 19. Nc1 Rd6 20. Kf1 Qd7 21. Rxd6 Qxd6 22. Qd2 Qxd2 23. Nxd2 Kf8 24. Ne2 Ke7 25. Ng3 Bg5 26. Ke2 g6 27. Ngf1 Kd6 28. Ne3 f5 29. f3 Kc5 30. h3 h5 31. exf5 gxf5 32. g4 hxg4 33. fxg4 Bxe3 34. Kxe3 fxg4 35. Ne4+ Kc6 36. hxg4 Bxg4 37. Ng3 Kd5 38. Nf1 Bf5 39. Nd2 Bd3 40. Nf3 Ke6 41. Ne1 Kf5 42. Nf3 Bc2 43. Nh4+ Kg5 44. Nf3+ Kf6 45. Nd2 Bg6 46. Nf3 Be8 47. Ne1 Bc6 48. Nc2 Kf5 49. Nb4 Bb7 50. Nc2 Kg4 51. Nb4 Kg3 52. Nc2 Kg2 53. Ke2 Be4 54. Nb4 Bb7 55. Nc2 Kg1 56. Ne3 Be4 57. Ke1 Bf3 58. a4 Kh2 59. axb5 axb5 60. Nf5 Kh3 61. Nd6 Bc6 62. Nf7 e4 63. Ke2 Bd5 64. Nd6 Bc6 65. Ke3 Kg2 66. Nxe4 Kf1 67. Kd4 Ke2 68. Nd6 Kd2 69. Nxc4+ Kc2 70. Ne5 Be8 71. b4 Kb3 72. Nd3 Bh5 73. Nc5+ Kb2 74. Ne4 Be2 75. Nd6 Kb3 76. Kc5 Kxc3 77. Nxb5+ Kb2 78. Nd4 Bf1 79. Nf5 Kb3 80. Ng3 Bd3 81. Nh5 Be2 82. Nf4 Bf1 83. Ne6 Bd3 84. Nd4+ Ka4 85. Nc6 Bf1 86. Na5 Bb5 87. Nc4 Ba6 88. Nb6+ Kb3 89. Nd5 Be2 90. Ne3 Bd3 91. Ng2 Bf1 92. Ne1 Be2 93. Ng2 Bf1 94. Nf4 Ba6 95. Nd5 Be2 96. Nc7 Bd3 97. Nb5 Bf1 98. Nd4+ Ka4 99. Nc2 Kb3 100. Ne3 Be2 1/2-1/2

[Event "Warsaw YMCA Autumn-B 130th"]
[Site "Warsaw"]
[Date "2013.10.10"]
[Round "4"]
[White "Grabowicz, Marcin"]
[Black "Borkowski, Adam"]
[Result "1-0"]
[WhiteElo "1852"]
[BlackElo "1816"]
[PlyCount "37"]
[EventDate "2013.09.19"]
[EventType "tourn"]
[EventRounds "13"]
[EventCountry "POL"]
[SourceTitle "EXT 2015"]
[Source "ChessBase"]
[SourceDate "2014.11.20"]
[SourceVersion "1"]
[SourceVersionDate "2014.11.20"]
[SourceQuality "1"]

1. e4 c5 2. Nf3 Nc6 3. d4 cxd4 4. c3 dxc3 5. Nxc3 d6 6. Bc4 e6 7. 0-0 Nf6 8. Qe2 a6 9. Rd1 Qc7 10. Bg5 Be7 11. Rac1 0-0 12. a3 Rd8 13. b4 b5 14. Nxb5 axb5 15. Bxb5 Bd7 16. Bxc6 Bxc6 17. Nd4 Rxa3 18. b5 Bxb5 19. Nxb5 1-0

[Event "Warsaw YMCA Autumn-B 130th"]
[Site "Warsaw"]
[Date "2013.09.23"]
[Round "2"]
[White "Grabowicz, Marcin"]
[Black "Potocki, Karol"]
[Result "0-1"]
[WhiteElo "1852"]
[BlackElo "1876"]
[PlyCount "74"]
[EventDate "2013.09.19"]
[EventType "tourn"]
[EventRounds "13"]
[EventCountry "POL"]
[SourceTitle "EXT 2015"]
[Source "ChessBase"]
[SourceDate "2014.11.20"]
[SourceVersion "1"]
[SourceVersionDate "2014.11.20"]
[SourceQuality "1"]

1. e4 e5 2. Nf3 Nc6 3. Bc4 Nf6 4. d4 exd4 5. 0-0 Be7 6. e5 Ne4 7. Bd5 Nc5 8. Nxd4 Nxd4 9. Qxd4 c6 10. Bc4 0-0 11. Nc3 b5 12. Be2 Ne6 13. Qe4 f5 14. exf6 Bxf6 15. Bd3 g6 16. Bh6 d5 17. Qe1 Rf7 18. f4 Nc5 19. Qd2 Nxd3 20. Qxd3 Bf5 21. Qd2 b4 22. Na4 Qa5 23. b3 Bxa1 24. Rxa1 Re8 25. Re1 Rfe7 26. Rxe7 Rxe7 27. Qd4 Qd8 28. Qxb4 Qe8 29. h3 Bxh3 30. Qd4 Bf5 31. c3 Re1+ 32. Kh2 Qe7 33. Bg5 Qe3 34. Bf6 Qc1 35. Be5 h5 36. Qf2 h4 37. g3 Rh1+ 0-1

[Event "Warsaw Najdorf Memorial op-B 11th"]
[Site "Warsaw"]
[Date "2013.08.06"]
[Round "2"]
[White "Herman, Monika"]
[Black "Grabowicz, Marcin"]
[Result "0-1"]
[WhiteElo "1675"]
[BlackElo "1879"]
[PlyCount "118"]
[EventDate "2013.08.05"]
[EventType "swiss"]
[EventRounds "9"]
[EventCountry "POL"]
[SourceTitle "CBM 155 Extra"]
[Source "ChessBase"]
[SourceDate "2013.08.26"]
[SourceVersion "1"]
[SourceVersionDate "2013.08.26"]
[SourceQuality "1"]

1. e4 e5 2. Nf3 Nc6 3. Bc4 Nf6 4. 0-0 Be7 5. d3 0-0 6. Re1 d6 7. h3 Na5 8. Nbd2 c6 9. b4 Nxc4 10. Nxc4 Ne8 11. d4 exd4 12. Qxd4 Be6 13. Nb2 Bf6 14. Qd3 a5 15. e5 dxe5 16. Qxd8 Bxd8 17. Nxe5 axb4 18. Nbd3 Nf6 19. Nxb4 Ba5 20. Ned3 c5 21. Nxc5 Bxb4 22. Nxe6 Bxe1 23. Nxf8 Kxf8 24. a4 Ba5 25. Ba3+ Ke8 26. Rb1 b6 27. c4 Rc8 28. c5 bxc5 29. Rb5 Bb4 30. Bxb4 cxb4 31. Rxb4 Rc1+ 32. Kh2 Kd7 33. Rb7+ Rc7 34. Rb2 Ra7 35. Ra2 Nd5 36. Kg3 Nc3 37. Ra3 Nxa4 38. Kf4 Ra6 39. g4 Nc5 40. Rxa6 Nxa6 41. Kf5 Nc5 42. g5 Nd3 43. f4 Ke7 44. h4 Nc5 45. h5 h6 46. Kg4 Ke6 47. f5+ Ke7 48. f6+ Kf8 49. Kf5 Nd7 50. fxg7+ Kxg7 51. g6 fxg6+ 52. hxg6 Nf6 53. Kf4 Kxg6 54. Kg3 Kg5 55. Kh3 Ne4 56. Kg2 Kg4 57. Kh2 h5 58. Kg2 h4 59. Kh2 h3 0-1